000 01112nam0a22002771 4500
001 rc\2366884
005 20260408003134.0
035 _a(NLR Aleph) 006479522
090 _a6018893
_c6018893
100 _a20110829f76 u y0rusy50 ca
101 0 _arus
102 _aRU
105 _ay z |||||
200 1 _aНелинейное деформирование конструкций и оснований крупнопанельных зданий при интенсивных колебаниях
_e[Докл.]
210 _a[Москва
_cБ. и.
_d76]
215 _a12 л.
_d29
225 1 _aСимпозиум по многоэтажным зданиям
300 _aАвт. указаны на 3-м л.
700 1 _aАшкинадзе
_bГ.Н.
_gГригорий Наумович
701 1 _aПудовикова
_bЛ.К.
712 1 2 _a"Многоэтажные здания", международный симпозиум
_d3
_f1976
_eМосква
_3RU\NLR\AUTH\8810167639
_9831091
801 0 _aRU
_bNLR
_gpsbo
801 1 _aRU
_bELAR
_2rusmarc
852 _aNLR
_j77-8/433
942 _cBOOK
980 _aNB